Football : Parcours de la France à la coupe du monde 2022 - Statistiques

Statistiques générales
  • Ce quiz a été pris 424 fois
  • Le résultat moyen est 6 sur 7
Statistiques - réponses
Tour Score Adversaire % Correct
Finale Défaite aux TAB après 3-3 Argentine
98%
Demies Victoire 2-0 Maroc
93%
Quarts Victoire 2-1 Angleterre
89%
Poule Victoire 4-1 Australie
87%
Poule Défaite 1-0 Tunisie
84%
Poule Victoire 2-1 Danemark
83%
Huitièmes Victoire 3-1 Pologne
78%
Aucun quiz correspondant
Distribution des résultats
% des personnes avec chaque résultat
Percentile par nombre de réponses
Votre historique - résultats
Vous n’avez pas pris ce quiz